Most Populous Cities in the U.S. - 1880 Census - Statistics

General Stats
  • This quiz has been taken 22 times
  • The average score is 74 of 100
Answer Stats
Answer State Population % Correct
Albany NY 90,758
100%
Baltimore MD 332,313
100%
Boston MA 362,839
100%
Charleston SC 49,984
100%
Chicago IL 503,185
100%
New Orleans LA 216,090
100%
New York City NY 1,206,299
100%
Philadelphia PA 847,170
100%
Pittsburgh PA 156,389
100%
San Francisco CA 233,959
100%
St. Louis MO 350,518
100%
Washington DC 147,293
100%
Atlanta GA 37,409
93%
Buffalo NY 155,134
93%
Cincinnati OH 255,139
93%
Cleveland OH 160,146
93%
Columbus OH 51,647
93%
Indianapolis IN 75,056
93%
Jersey City NJ 120,722
93%
Memphis TN 33,592
93%
Milwaukee WI 115,587
93%
Minneapolis MN 46,887
93%
Providence RI 104,857
93%
Savannah GA 30,709
93%
Trenton NJ 29,910
93%
Brooklyn NY 566,663
86%
Denver CO 35,629
86%
Detroit MI 116,340
86%
Erie PA 27,737
86%
Harrisburg PA 30,762
86%
Hartford CT 42,015
86%
Kansas City MO 55,785
86%
Louisville KY 123,758
86%
Nashville TN 43,350
86%
Newark NJ 136,508
86%
New Haven CT 62,882
86%
Portland ME 33,810
86%
Rochester NY 89,366
86%
Springfield MA 33,340
86%
Springfield OH 20,730
86%
Springfield IL 19,743
86%
St. Paul MN 41,473
86%
Syracuse NY 51,792
86%
Wilmington DE 42,478
86%
Worcester MA 58,291
86%
Bridgeport CT 27,643
79%
Camden NJ 41,659
79%
Dayton OH 38,678
79%
Des Moines IA 22,408
79%
Elizabeth NJ 28,229
79%
Fort Wayne IN 26,880
79%
Oakland CA 34,555
79%
Omaha NE 30,518
79%
Richmond VA 63,600
79%
Sacramento CA 21,420
79%
San Antonio TX 20,550
79%
Scranton PA 45,850
79%
St. Joseph MO 32,431
79%
Toledo OH 50,137
79%
Augusta GA 21,891
71%
Cambridge MA 52,669
71%
Lowell MA 59,475
71%
Manchester NH 32,630
71%
Mobile AL 29,132
71%
Paterson NJ 51,031
71%
Peoria IL 29,259
71%
Salem MA 27,563
71%
Salt Lake City UT 20,768
71%
Utica NY 33,914
71%
Dubuque IA 22,254
64%
Grand Rapids MI 32,016
64%
Lancaster PA 25,769
64%
Lynn MA 38,274
64%
Norfolk VA 21,966
64%
Quincy IL 27,268
64%
Troy NY 56,747
64%
Wheeling WV 30,737
64%
Covington KY 29,720
57%
Evansville IN 29,280
57%
Hoboken NJ 30,999
57%
Lawrence MA 39,151
57%
New Bedford MA 26,845
57%
Reading PA 43,278
57%
Fall River MA 48,961
50%
Petersburg VA 21,656
50%
Poughkeepsie NY 20,207
50%
Wilkes-Barre PA 23,339
50%
Allegheny PA 78,682
43%
Davenport IA 21,831
43%
Galveston TX 22,248
43%
Chelsea MA 21,782
36%
Oswego NY 21,116
36%
Somerville MA 24,933
36%
Terre Haute IN 26,042
36%
Holyoke MA 21,915
29%
Newport KY 20,433
29%
Taunton MA 21,213
29%
Bay City MI 20,693
21%
Elmira NY 20,541
21%
Auburn NY 21,924
14%
No matching quizzes found
Score Distribution
Percent of People with Each Score
Percentile by Number Answered
Your Score History
You have not taken this quiz